Analýza faktorů ovlivňujících úspěšnost integračního programu v obci se sociálně vyloučenou lokalitou – případová studie

Charakteristika prostredia pri vytváraní úspešného programu integrácie obce a jej sociálne vylúčenej lokality. Integračné programy a viac či menej úspešné vzájomné prepojenie dovtedy rozdelenej časti obce.

Salvato in:
Dettagli Bibliografici
Autore principale: Vašat, Jan
Natura: Capitolo di libro
Lingua:ceco
Soggetti:
Tags: Aggiungi Tag
Nessun Tag, puoi essere il primo ad aggiungerne!!

MARC

LEADER 00000naa a2200000 4500
001 0227494
005 20220805075627.6
041 0 |a cze 
044 |a CZ 
245 1 0 |a Analýza faktorů ovlivňujících úspěšnost integračního programu v obci se sociálně vyloučenou lokalitou – případová studie  |c Jan Vašat 
520 |a Charakteristika prostredia pri vytváraní úspešného programu integrácie obce a jej sociálne vylúčenej lokality. Integračné programy a viac či menej úspešné vzájomné prepojenie dovtedy rozdelenej časti obce. 
610 2 0 |a Česko 
610 2 0 |a obce 
610 2 0 |a integrácia sociálna 
610 2 0 |a začlenenie sociálne 
610 2 0 |a programy sociálne 
610 2 0 |a politika sociálna 
610 2 0 |a štúdie prípadové 
100 1 |a Vašat, Jan